000 00372nam a2200145Ia 4500
008 150201s1999 xx 000 0 und d
082 _a617.63
_bE1999J
100 _aJOHNSON,ORLEN
245 _aESSENTIALS OF DENTAL RADIOGRAPHY
250 _a6TH
260 _bAPPLETON & LANGE PUBLICATION
_aNEW YORK
_c1999
300 _a1-572
650 _aRADIOLOGY
942 _2ddc
_cBK
_01
999 _c3798
_d3798